لم أكن أعلم أن بعض النباتات تنمو في وسط الهواء / (رقم التسجيلة. 114975)

تفاصيل مارك
000 -LEADER
fixed length control field 00638nam a22002057a 4500
005 - DATE AND TIME OF LATEST TRANSACTION
control field 20251108174652.0
008 - FIXED-LENGTH DATA ELEMENTS--GENERAL INFORMATION
fixed length control field 250721s2001 xx 000 0 ara d
020 ## - INTERNATIONAL STANDARD BOOK NUMBER
International Standard Book Number 9953160503
082 14 - DEWEY DECIMAL CLASSIFICATION NUMBER
Classification number ط/581/لوا
100 1# - MAIN ENTRY--PERSONAL NAME
Personal name لوالين, كلير
245 10 - TITLE STATEMENT
Title لم أكن أعلم أن بعض النباتات تنمو في وسط الهواء /
264 1# - PRODUCTION, PUBLICATION, DISTRIBUTION, MANUFACTURE, AND COPYRIGHT NOTICE
Place of production, publication, distribution, manufacture بيروت :
Name of producer, publisher, distributor, manufacturer دار المجاني،
Date of production, publication, distribution, manufacture, or copyright notice 2001.
300 ## - PHYSICAL DESCRIPTION
Extent 32ص.
490 0# - SERIES STATEMENT
Series statement لم أكن أعلم
650 17 - SUBJECT ADDED ENTRY--TOPICAL TERM
Topical term or geographic name as entry element النباتات
653 ## - INDEX TERM--UNCONTROLLED
Uncontrolled term ناشاون صغار (10-14) سنه
700 1# - ADDED ENTRY--PERSONAL NAME
Personal name فاضل, ألين
Relator term مترجم
942 ## - ADDED ENTRY ELEMENTS (KOHA)
Source of classification or shelving scheme Dewey Decimal Classification
Koha item type كتب
المقتنيات
حالة السحب حالة الفقدان مصدر التصنيف حالة التلف غير قابل للإعارة المكتبة الرئيسية المكتبة الحالية موقع الرف تاريخ التزويد الرقم المتسلسل Total Checkouts رقم الإستدعاء تاريخ آخر ظهور تاريخ الفاتورة نوع المادة (كوها) الباركود
    Dewey Decimal Classification     المكتبة المركزية المكتبة المركزية مقتنيات قسم التزويد 28/07/2025 1276075   ط/581/لوا 28/07/2025 28/07/2025 كتب  
    Dewey Decimal Classification     مكتبة الأميرة سلمى مكتبة الأميرة سلمى الأطفال 03/03/2016 567939   ط/581/لوا 28/07/2025 03/03/2016 كتب PLD00377760
    Dewey Decimal Classification     مكتبة الراية الهاشمية للأطفال مكتبة الراية الهاشمية للأطفال الأطفال 14/02/2015 1592624   ط/581/لوا 28/07/2025 14/02/2015 كتب PLD00316443
    Dewey Decimal Classification     مكتبة الياسمين للأطفال مكتبة الياسمين للأطفال الأطفال 09/04/2014 565431   ط/581/لوا 28/07/2025 09/04/2014 كتب PLD00298362
    Dewey Decimal Classification     مكتبة وادي السير العامة مكتبة وادي السير العامة الأطفال 11/05/2009 1276079   ط/581/لوا 28/07/2025 11/05/2009 كتب PLD00088308
    Dewey Decimal Classification     مكتبة ومركز فرح مكتبة ومركز فرح الأطفال 11/05/2009 1276076   ط/581/لوا 28/07/2025 11/05/2009 كتب PLD00088305
    Dewey Decimal Classification     مكتبةمؤتة مكتبةمؤتة الأطفال 11/05/2009 1276078   ط/581/لوا 28/07/2025 11/05/2009 كتب PLD00088307
Implemented & Customized by: BBB with SCIT (Smart Chains for Information Technology)

Powered by Koha